les pokemon qui a le plus d'attaque (facile) - Statistiques

Statistiques générales
  • Ce quiz a été pris 27 fois
    16 depuis la dernière actualisation
  • Le résultat moyen est 64 sur 169
Statistiques - réponses
Hint type pokemon % Correct
130 dragon glace kyurem
75%
120 dragon glace kyurem blanc
75%
170 dragon glace kyurem noir
75%
134 dragon vol dracolosse
67%
180 dragon vol mega rayquaza
67%
160 normal regigigas
67%
120 feu combat brasegali
58%
150 psy deoxys
58%
180 psy deoxys attack
58%
120 dragon acier dialga
58%
135 dragon vol drattak
58%
120 dragon spectre giratina origin
58%
170 dragon sol mega carchacrok
58%
145 dragon vol mega drattak
58%
140 acier roche mega galeking
58%
190 psy combat mega mewtwo x
58%
185 insecte combat mega scarhino
58%
164 roche tenebre mega tyranocif
58%
120 dragon eau palkia
58%
150 dragon vol rayquaza
58%
120 dragon feu reshiram
58%
134 roche tenebre tyranocif
58%
130 fée zacian
58%
170 fée acier zacian epee supreme
58%
120 normal arceus
50%
130 dragon sol carchacrok
50%
125 psy combat gallame
50%
181 plante acier katagami
50%
160 feu combat mega brasegali
50%
120 feu sol mega camerupt
50%
160 fée roche mega diancie
50%
130 feu dragon mega dracaufeu x
50%
165 psy combat mega gallame
50%
135 acier psy metalosse
50%
160 normal monaflemit
50%
157 psy acier necrozma criniere du couchant
50%
125 insecte combat scarhino
50%
137 psy acier solgaleo
50%
167 psy dragon ultra necrozma
50%
150 dragon electrik zekrom
50%
130 plante combat chapignon
42%
165 roche charkos
42%
125 sol vol demeteros
42%
145 sol vol demeteros totemique
42%
120 glace tenebre dimoret
42%
120 normal vol etouraptor
42%
140 acier spectre exagide
42%
135 roche gigalithe
42%
120 roche sol grolem
42%
120 roche electrik grolem d'alola
42%
150 sol groudon
42%
130 vol feu ho-oh
42%
160 psy tenebre hoopa dechainee
42%
125 combat karaclee
42%
120 dragon spectre lanssorien
42%
125 eau vol leviator
42%
130 combat mackogneur
42%
125 combat spectre marshadow
42%
165 spectre mega branette
42%
150 acier insecte mega cizayox
42%
150 insecte poison mega dardargnan
42%
150 eau sol mega laggron
42%
145 acier psy mega metalosse
42%
150 psy mega mewtwo y
42%
155 insecte vol mega scarabrute
42%
143 acier melmetal
42%
180 sol feu primo groudon
42%
121 roche dragon rexillius
42%
140 roche sol rhinastoc
42%
123 feu combat roitiflam
42%
165 psy glace sylveroy glace
42%
129 roche combat terrakium
42%
140 normal sol ursaking
42%
131 fée xerneas
42%
131 tenebre vol yveltal
42%
130 combat zamazenta
42%
130 combat acier zamazenta bouclier supreme
42%
120 plante tenebre zarude
42%
130 tenebre absol
33%
140 roche vol aeropteryx
33%
120 tenebre fée angoliath
33%
125 roche insecte armaldo
33%
120 tenebre glace baojian
33%
120 normal vol bazoucan
33%
140 combat betochef
33%
145 glace blizzeval
33%
125 normal combat chelours
33%
130 insecte acier cizayox
33%
132 glace combat crabominable
33%
140 feu darumacho
33%
140 glace darumacho de galar
33%
160 feu psy darumacho de galar mode zen
33%
120 sol donphan
33%
131 sol combat fort-ivoire
33%
130 fée combat garde-de-fer
33%
145 dragon glace glaivodo
33%
123 normal vol gueriaigle
33%
135 insecte roche hachécateur
33%
120 combat hariyama
33%
120 combat kicklee
33%
135 dragon combat koraidon
33%
130 glace sol mammochon
33%
132 plante glace mega blizzaroi
33%
125 normal mega kangourex
33%
130 dragon psy mega latios
33%
136 normal combat mega lockpin
33%
145 combat acier mega lucario
33%
135 roche vol mega ptera
33%
140 eau tenebre mega sharpedo
33%
135 sol acier minotaupe
33%
139 insecte combat mouscoto
33%
120 eau combat palmaval
33%
124 combat tenebre pandarbare
33%
140 combat electrik paume-de-fer
33%
127 feu spectre pierroteknik
33%
150 eau primo kyogre
33%
130 feu pyroli
33%
130 roche sol rhinoferos
33%
125 eau insecte sarmurai
33%
125 acier tenebre scalproie
33%
125 insecte scarabrute
33%
125 combat shaofouine
33%
120 eau tenebre sharpedo
33%
131 plante spectre sinistrail
33%
130 plante fée tokotoro
33%
147 dragon tranchodon
33%
131 roche acier ama-ama
25%
125 sol bourrinos
25%
137 insecte combat cancrelove
25%
120 eau tenebre colhomard
25%
125 tenebre vol corboss
25%
125 psy crefadet
25%
125 combat vol electhor de galar
25%
123 electrik elekable
25%
134 roche electrik épine-de-fer
25%
130 combat poison farfurex
25%
120 acier insecte genesect
25%
124 sol spectre golemastoc
25%
125 plante gorythmic
25%
123 eau hastacuda
25%
125 roche kranidos
25%
135 insecte acier lancargot
25%
120 electrik luxray
25%
150 tenebre mega absol
25%
155 eau tenebre mega leviator
25%
120 glace mega oniglali
25%
125 acier sol mega steelix
25%
128 psy combat meloetta forme pierouette
25%
130 glace polagriffe
25%
135 insecte combat rampe-ailes
25%
139 dragon tenebre rugit-lune
25%
135 acier tenebre scalpereur
25%
160 eau superdofin Heros
25%
130 normal ursaring
25%
125 roche dolman
17%
120 dragon drakkarmin
17%
140 eau froussardine banc
17%
120 fée granbull
17%
125 feu spectre malvalame
17%
130 acier pachyradjah
17%
135 combat palarticho
17%
120 combat quartermac
17%
145 eau sachanobi
17%
130 combat eau shifours mille poings
17%
130 combat tenebre shifours poing final
17%
120 tenebre dogrino
8%
127 plante tenebre fongus-furie
8%
130 eau krabboss
8%
120 plante sucreine
8%
Aucun quiz correspondant
Distribution des résultats
% des personnes avec chaque résultat
Percentile par nombre de réponses
Votre historique - résultats
Vous n’avez pas pris ce quiz depuis la dernière actualisation